000 00363nam a2200145Ia 4500
003 OSt
008 150623b xxu||||| |||| 00| 1 eng d
082 _a823.308
_bFIE/JO
100 _aFielding, Henry
_94797
245 _aJonathan Wild and the voyage to Lisbon /
260 _aLondon :
_bEveryman's Lib.,
_c1976.
300 _a286
490 _aNo.877
942 _cBK
999 _c16393
_d16393